000 00659nam a2200193 4500
003 LK-CoMWRAF
005 20240119212828.0
008 230829b1995 |||||||| |||| 00| 0 eng d
040 _aLK-CoMWRAF
_dLK-CoMWRAF
_eLK-CoMWRAF
041 _asin
082 _a891.483
_bWET
100 _aවෙත්තසිංහ, සිබිල්
_vweththasinghe, Sybil
245 _aමුත්තට පොල් කිරි
246 _aMuththata polkiri
260 _aකොළඹ :
_bමාර් ග ප්‍ර‍කාශන,
_c1995
490 _aජනවාර් ගික සමගි වැඩසටහන
650 _aළමා කථා
942 _cBK
999 _c3307
_d3307